000
00303nam a22001217a 4500
999
_c
4833
_d
4833
008
250325b ||||| |||| 00| 0 eng d
020
_a
9780192735096
082
_a
823.92 THO
100
_a
THOMAS,VALERIE
_e
AUTHOR
245
_a
WILBUR'S BOOK OF NUMBERS
260
_b
OXFORD UNIVERSITY PRESS
942
_2
ddc